[Event "European Chess Club Cup 2023"]
[Site "Durres, Albania"]
[Date "2023.10.01"]
[Round "1.56"]
[White "Devallee, Jeremie"]
[Black "Lagarde, Maxime"]
[Result "0-1"]
[TimeControl "90' + 30' & 30\""]
[WhiteElo "2210"]
[BlackElo "2626"]

1. e4 {[%clk 01:30:57]} {[%emt 00:00:03]} c5 {[%clk 01:30:57]} {[%emt
00:00:02]} 2. Nf3 {[%clk 01:31:20]} {[%emt 00:00:07]} Nc6 {[%clk 01:30:57]}
{[%emt 00:00:30]} 3. d4 {[%clk 01:30:30]} {[%emt 00:01:21]} cxd4 {[%clk
01:31:22]} {[%emt 00:00:07]} 4. c3 {[%clk 01:30:56]} {[%emt 00:00:02]} dxc3
{[%clk 01:31:46]} {[%emt 00:00:06]} 5. Nxc3 {[%clk 01:31:20]} {[%emt 00:00:06]}
e6 {[%clk 01:32:14]} {[%emt 00:00:01]} 6. Bc4 {[%clk 01:30:34]} {[%emt
00:01:16]} Bb4 {[%clk 01:32:39]} {[%emt 00:00:04]} 7. O-O {[%clk 01:26:53]}
{[%emt 00:04:11]} Nge7 {[%clk 01:33:05]} {[%emt 00:00:05]} 8. Qc2 {[%clk
01:23:31]} {[%emt 00:03:52]} Ng6 {[%clk 01:28:56]} {[%emt 00:04:39]} 9. a3
{[%clk 00:49:44]} {[%emt 00:34:16]} Be7 {[%clk 01:28:38]} {[%emt 00:00:49]} 10.
Ba2 {[%clk 00:49:23]} {[%emt 00:00:50]} O-O {[%clk 01:27:53]} {[%emt 00:01:16]}
11. Be3 {[%clk 00:44:50]} {[%emt 00:05:03]} a6 {[%clk 01:18:00]} {[%emt
00:10:23]} 12. Na4 {[%clk 00:37:42]} {[%emt 00:07:37]} b5 {[%clk 01:18:01]}
{[%emt 00:00:28]} 13. Nc5 {[%clk 00:35:56]} {[%emt 00:02:17]} Nce5 {[%clk
01:08:57]} {[%emt 00:09:35]} 14. Nxe5 {[%clk 00:22:45]} {[%emt 00:13:40]} Nxe5
{[%clk 01:09:19]} {[%emt 00:00:08]} 15. f4 {[%clk 00:22:45]} {[%emt 00:00:30]}
Ng4 {[%clk 01:06:21]} {[%emt 00:03:29]} 16. Bd4 {[%clk 00:22:35]} {[%emt
00:00:42]} d6 {[%clk 01:04:29]} {[%emt 00:02:19]} 17. Nd3 {[%clk 00:21:52]}
{[%emt 00:01:12]} Bb7 {[%clk 00:58:50]} {[%emt 00:06:09]} 18. Qe2 {[%clk
00:21:58]} {[%emt 00:00:24]} Bf6 {[%clk 00:56:38]} {[%emt 00:02:42]} 19. Bxf6
{[%clk 00:20:57]} {[%emt 00:01:31]} Nxf6 {[%clk 00:56:58]} {[%emt 00:00:10]} 20.
e5 {[%clk 00:20:54]} {[%emt 00:00:33]} dxe5 {[%clk 00:55:26]} {[%emt 00:02:03]}
21. fxe5 {[%clk 00:21:07]} {[%emt 00:00:17]} Qd4+ {[%clk 00:49:20]} {[%emt
00:06:36]} 22. Kh1 {[%clk 00:18:21]} {[%emt 00:03:16]} Qe4 {[%clk 00:45:15]}
{[%emt 00:04:35]} 23. Qf2 {[%clk 00:18:05]} {[%emt 00:00:46]} Ng4 {[%clk
00:43:20]} {[%emt 00:02:25]} 24. Qg3 {[%clk 00:15:46]} {[%emt 00:02:49]} Ne3
{[%clk 00:43:21]} {[%emt 00:00:29]} 25. Rg1 {[%clk 00:00:42]} {[%emt 00:15:34]}
Qxd3 {[%clk 00:43:13]} {[%emt 00:00:38]} 26. Rae1 {[%clk 00:00:39]} {[%emt
00:00:32]} Nxg2 {[%clk 00:43:14]} {[%emt 00:00:30]} 0-1

[Event "European Chess Club Cup 2023"]
[Site "Durres, Albania"]
[Date "2023.10.01"]
[Round "1.57"]
[White "Droin, Augustin"]
[Black "Barbaras, Mathieu"]
[Result "1-0"]
[TimeControl "90' + 30' & 30\""]
[WhiteElo "2468"]
[BlackElo "2205"]

1. e4 {[%clk 01:30:57]} {[%emt 00:00:02]} c5 {[%clk 01:30:56]} {[%emt
00:00:05]} 2. Nf3 {[%clk 01:31:18]} {[%emt 00:00:09]} Nc6 {[%clk 01:31:20]}
{[%emt 00:00:05]} 3. Bb5 {[%clk 01:31:41]} {[%emt 00:00:09]} e6 {[%clk
01:31:03]} {[%emt 00:00:45]} 4. O-O {[%clk 01:31:45]} {[%emt 00:00:27]} Nge7
{[%clk 01:31:27]} {[%emt 00:00:06]} 5. d4 {[%clk 01:31:46]} {[%emt 00:00:29]}
cxd4 {[%clk 01:31:39]} {[%emt 00:00:18]} 6. Nxd4 {[%clk 01:32:12]} {[%emt
00:00:05]} Ng6 {[%clk 01:31:52]} {[%emt 00:00:16]} 7. c3 {[%clk 01:32:29]}
{[%emt 00:00:13]} Be7 {[%clk 01:32:02]} {[%emt 00:00:20]} 8. Be3 {[%clk
01:32:39]} {[%emt 00:00:19]} O-O {[%clk 01:32:19]} {[%emt 00:00:14]} 9. Nd2
{[%clk 01:32:28]} {[%emt 00:00:40]} Bg5 {[%clk 01:26:37]} {[%emt 00:06:11]} 10.
Qe1 {[%clk 01:20:47]} {[%emt 00:12:12]} Nxd4 {[%clk 01:25:02]} {[%emt
00:02:05]} 11. cxd4 {[%clk 01:21:08]} {[%emt 00:00:09]} Bxe3 {[%clk 01:25:25]}
{[%emt 00:00:07]} 12. Qxe3 {[%clk 01:21:35]} {[%emt 00:00:04]} d5 {[%clk
01:25:36]} {[%emt 00:00:18]} 13. e5 {[%clk 01:18:48]} {[%emt 00:03:17]} Bd7
{[%clk 01:25:20]} {[%emt 00:00:47]} 14. Bd3 {[%clk 01:18:24]} {[%emt 00:00:53]}
Ne7 {[%clk 01:14:53]} {[%emt 00:10:57]} 15. Nb3 {[%clk 01:13:08]} {[%emt
00:05:47]} Qb6 {[%clk 01:09:12]} {[%emt 00:06:10]} 16. a4 {[%clk 01:08:26]}
{[%emt 00:05:12]} a5 {[%clk 01:01:08]} {[%emt 00:08:34]} 17. Nc5 {[%clk
01:08:48]} {[%emt 00:00:09]} Bc6 {[%clk 01:01:09]} {[%emt 00:00:29]} 18. Ra3
{[%clk 01:08:11]} {[%emt 00:01:07]} Qd8 {[%clk 00:46:59]} {[%emt 00:14:40]} 19.
Qh3 {[%clk 01:06:27]} {[%emt 00:02:14]} h6 {[%clk 00:44:05]} {[%emt 00:03:23]}
20. Bb1 {[%clk 01:04:25]} {[%emt 00:02:33]} b6 {[%clk 00:43:57]} {[%emt
00:00:38]} 21. Nd3 {[%clk 01:04:40]} {[%emt 00:00:15]} Ng6 {[%clk 00:41:32]}
{[%emt 00:02:55]} 22. f4 {[%clk 01:04:43]} {[%emt 00:00:27]} f5 {[%clk
00:35:41]} {[%emt 00:06:21]} 23. exf6 {[%clk 01:04:08]} {[%emt 00:01:04]} Qxf6
{[%clk 00:35:11]} {[%emt 00:01:00]} 24. Qe3 {[%clk 00:57:59]} {[%emt 00:06:39]}
Be8 {[%clk 00:23:48]} {[%emt 00:11:53]} 25. g3 {[%clk 00:58:02]} {[%emt
00:00:27]} Rc8 {[%clk 00:21:41]} {[%emt 00:02:37]} 26. Re1 {[%clk 00:54:31]}
{[%emt 00:04:01]} Bf7 {[%clk 00:18:26]} {[%emt 00:03:45]} 27. Rb3 {[%clk
00:49:59]} {[%emt 00:05:03]} Rc6 {[%clk 00:09:04]} {[%emt 00:09:51]} 28. Nf2
{[%clk 00:47:30]} {[%emt 00:02:59]} Rc4 {[%clk 00:07:44]} {[%emt 00:01:50]} 29.
Ng4 {[%clk 00:41:57]} {[%emt 00:06:02]} Qxd4 {[%clk 00:07:40]} {[%emt
00:00:35]} 30. Bxg6 {[%clk 00:42:23]} {[%emt 00:00:04]} Bxg6 {[%clk 00:07:24]}
{[%emt 00:00:46]} 31. Ne5 {[%clk 00:42:51]} {[%emt 00:00:02]} Be4 {[%clk
00:07:00]} {[%emt 00:00:53]} 32. Nxc4 {[%clk 00:41:59]} {[%emt 00:01:23]} Qxc4
{[%clk 00:07:27]} {[%emt 00:00:03]} 33. Rc1 {[%clk 00:41:04]} {[%emt 00:01:25]}
Qxa4 {[%clk 00:07:14]} {[%emt 00:00:43]} 34. Rxb6 {[%clk 00:41:19]} {[%emt
00:00:15]} Qe8 {[%clk 00:05:11]} {[%emt 00:02:33]} 35. Qd4 {[%clk 00:37:40]}
{[%emt 00:04:09]} Qh5 {[%clk 00:02:16]} {[%emt 00:03:25]} 36. Rb7 {[%clk
00:37:33]} {[%emt 00:00:37]} Rf7 {[%clk 00:02:38]} {[%emt 00:00:08]} 37. Rxf7
{[%clk 00:30:39]} {[%emt 00:07:24]} Qxf7 {[%clk 00:03:04]} {[%emt 00:00:04]} 38.
Qb6 {[%clk 00:30:47]} {[%emt 00:00:23]} Kh7 {[%clk 00:03:01]} {[%emt 00:00:33]}
39. Re1 {[%clk 00:27:50]} {[%emt 00:03:26]} Qh5 {[%clk 00:02:09]} {[%emt
00:01:22]} 40. Qf2 {[%clk 00:28:15]} {[%emt 00:00:05]} Qe8 {[%clk 00:01:03]}
{[%emt 00:01:36]} 41. g4 {[%clk 00:27:49]} {[%emt 00:00:56]} Qg6 {[%clk
00:00:31]} {[%emt 00:01:02]} 42. h3 {[%clk 00:28:12]} {[%emt 00:00:07]} Qf6
{[%clk 00:26:37]} {[%emt 00:04:24]} 43. Ra1 {[%clk 00:56:07]} {[%emt 00:02:35]}
Qd8 {[%clk 00:26:50]} {[%emt 00:00:17]} 44. Qd2 {[%clk 00:55:33]} {[%emt
00:01:04]} Qb6+ {[%clk 00:22:01]} {[%emt 00:05:19]} 45. Kh2 {[%clk 00:55:33]}
{[%emt 00:00:30]} Qb3 {[%clk 00:21:54]} {[%emt 00:00:37]} 46. Rxa5 {[%clk
00:51:01]} {[%emt 00:05:03]} Qf3 {[%clk 00:21:47]} {[%emt 00:00:37]} 47. Ra3
{[%clk 00:49:20]} {[%emt 00:02:10]} Qh1+ {[%clk 00:21:05]} {[%emt 00:01:11]} 48.
Kg3 {[%clk 00:49:48]} {[%emt 00:00:03]} e5 {[%clk 00:17:01]} {[%emt 00:04:35]}
49. f5 {[%clk 00:42:45]} {[%emt 00:07:32]} Qg1+ {[%clk 00:14:31]} {[%emt
00:03:00]} 50. Kh4 {[%clk 00:43:12]} {[%emt 00:00:03]} Qf1 {[%clk 00:14:54]}
{[%emt 00:00:07]} 51. Ra7 {[%clk 00:37:02]} {[%emt 00:06:40]} d4 {[%clk
00:09:21]} {[%emt 00:06:03]} 52. Re7 {[%clk 00:29:16]} {[%emt 00:08:16]} Bxf5
{[%clk 00:01:20]} {[%emt 00:08:32]} 53. Rf7 {[%clk 00:28:16]} {[%emt 00:01:30]}
Qf3 {[%clk 00:00:32]} {[%emt 00:01:18]} 54. Qh2 {[%clk 00:23:11]} {[%emt
00:05:34]} d3 {[%clk 00:00:40]} {[%emt 00:00:22]} 55. Rxf5 {[%clk 00:22:37]}
{[%emt 00:01:05]} Qe3 {[%clk 00:00:31]} {[%emt 00:00:39]} 56. Rxe5 {[%clk
00:15:57]} {[%emt 00:07:10]} Qd4 {[%clk 00:00:57]} {[%emt 00:00:03]} 57. Qd2
{[%clk 00:16:03]} {[%emt 00:00:24]} Qxe5 {[%clk 00:00:38]} {[%emt 00:00:49]} 58.
Qxd3+ {[%clk 00:16:28]} {[%emt 00:00:05]} Kh8 {[%clk 00:01:03]} {[%emt
00:00:05]} 59. Qc3 {[%clk 00:15:31]} {[%emt 00:01:27]} Qf4 {[%clk 00:01:30]}
{[%emt 00:00:04]} 60. Qc8+ {[%clk 00:15:59]} {[%emt 00:00:02]} 1-0

[Event "European Chess Club Cup 2023"]
[Site "Durres, Albania"]
[Date "2023.10.01"]
[Round "1.58"]
[White "Mertens, Marc"]
[Black "Razafindratsima, Timothe"]
[Result "0-1"]
[TimeControl "90' + 30' & 30\""]
[WhiteElo "2126"]
[BlackElo "2459"]

1. e4 {[%clk 01:30:57]} {[%emt 00:00:02]} c5 {[%clk 01:30:47]} {[%emt
00:00:14]} 2. Nf3 {[%clk 01:31:20]} {[%emt 00:00:07]} d6 {[%clk 01:31:08]}
{[%emt 00:00:08]} 3. d4 {[%clk 01:31:32]} {[%emt 00:00:18]} cxd4 {[%clk
01:31:28]} {[%emt 00:00:11]} 4. Nxd4 {[%clk 01:31:54]} {[%emt 00:00:08]} Nf6
{[%clk 01:31:48]} {[%emt 00:00:09]} 5. Nc3 {[%clk 01:32:14]} {[%emt 00:00:11]}
a6 {[%clk 01:32:12]} {[%emt 00:00:06]} 6. Bg5 {[%clk 01:30:50]} {[%emt
00:01:53]} Nbd7 {[%clk 01:32:29]} {[%emt 00:00:14]} 7. f4 {[%clk 01:30:50]}
{[%emt 00:00:30]} Qc7 {[%clk 01:32:33]} {[%emt 00:00:27]} 8. Qf3 {[%clk
01:30:18]} {[%emt 00:01:01]} h6 {[%clk 01:32:15]} {[%emt 00:00:48]} 9. Bxf6
{[%clk 01:30:01]} {[%emt 00:00:47]} Nxf6 {[%clk 01:32:39]} {[%emt 00:00:06]} 10.
f5 {[%clk 01:30:02]} {[%emt 00:00:30]} Qc5 {[%clk 01:31:12]} {[%emt 00:02:02]}
11. Qd3 {[%clk 01:29:07]} {[%emt 00:01:18]} Rg8 {[%clk 01:16:56]} {[%emt
00:14:46]} 12. Be2 {[%clk 01:14:32]} {[%emt 00:15:06]} g5 {[%clk 01:15:51]}
{[%emt 00:01:35]} 13. O-O-O {[%clk 00:59:49]} {[%emt 00:15:12]} Bd7 {[%clk
01:11:52]} {[%emt 00:04:30]} 14. Rhe1 {[%clk 00:55:07]} {[%emt 00:05:12]} Bg7
{[%clk 00:57:34]} {[%emt 00:14:48]} 15. Qc4 {[%clk 00:50:51]} {[%emt 00:04:47]}
Rc8 {[%clk 00:53:55]} {[%emt 00:04:08]} 16. Qxc5 {[%clk 00:49:46]} {[%emt
00:01:35]} Rxc5 {[%clk 00:54:20]} {[%emt 00:00:06]} 17. Nb3 {[%clk 00:40:24]}
{[%emt 00:09:51]} Re5 {[%clk 00:46:04]} {[%emt 00:08:45]} 18. Bd3 {[%clk
00:37:53]} {[%emt 00:03:01]} g4 {[%clk 00:45:20]} {[%emt 00:01:15]} 19. Nd2
{[%clk 00:22:16]} {[%emt 00:16:07]} b5 {[%clk 00:45:39]} {[%emt 00:00:11]} 20.
a4 {[%clk 00:22:29]} {[%emt 00:00:17]} e6 {[%clk 00:33:12]} {[%emt 00:12:57]}
21. axb5 {[%clk 00:21:29]} {[%emt 00:01:30]} axb5 {[%clk 00:33:35]} {[%emt
00:00:07]} 22. Na2 {[%clk 00:20:22]} {[%emt 00:01:37]} Ke7 {[%clk 00:21:56]}
{[%emt 00:12:09]} 23. c3 {[%clk 00:19:18]} {[%emt 00:01:33]} h5 {[%clk
00:15:06]} {[%emt 00:07:21]} 24. Kc2 {[%clk 00:18:44]} {[%emt 00:01:04]} Bh6
{[%clk 00:15:23]} {[%emt 00:00:14]} 25. Nb4 {[%clk 00:18:46]} {[%emt 00:00:27]}
h4 {[%clk 00:13:06]} {[%emt 00:02:47]} 26. fxe6 {[%clk 00:18:21]} {[%emt
00:00:55]} fxe6 {[%clk 00:13:24]} {[%emt 00:00:12]} 27. Ra1 {[%clk 00:18:26]}
{[%emt 00:00:24]} Rc8 {[%clk 00:03:03]} {[%emt 00:10:52]} 28. Nf1 {[%clk
00:14:58]} {[%emt 00:03:56]} Kd8 {[%clk 00:01:34]} {[%emt 00:02:00]} 29. Re2
{[%clk 00:13:32]} {[%emt 00:01:56]} Be8 {[%clk 00:01:29]} {[%emt 00:00:36]} 30.
Ra6 {[%clk 00:10:14]} {[%emt 00:03:47]} Kc7 {[%clk 00:01:55]} {[%emt 00:00:05]}
31. Nd2 {[%clk 00:08:40]} {[%emt 00:02:04]} Bf8 {[%clk 00:00:32]} {[%emt
00:01:53]} 32. Ra2 {[%clk 00:05:59]} {[%emt 00:03:10]} d5 {[%clk 00:00:34]}
{[%emt 00:00:28]} 33. Na6+ {[%clk 00:03:56]} {[%emt 00:02:33]} Kb6 {[%clk
00:00:56]} {[%emt 00:00:08]} 34. exd5 {[%clk 00:03:38]} {[%emt 00:00:48]} Rxe2
{[%clk 00:01:21]} {[%emt 00:00:06]} 35. Bxe2 {[%clk 00:04:04]} {[%emt
00:00:03]} Nxd5 {[%clk 00:01:46]} {[%emt 00:00:05]} 36. Kb3 {[%clk 00:02:33]}
{[%emt 00:02:02]} Bg6 {[%clk 00:01:00]} {[%emt 00:01:17]} 37. Nf1 {[%clk
00:01:06]} {[%emt 00:01:56]} Bf5 {[%clk 00:00:34]} {[%emt 00:00:56]} 38. c4
{[%clk 00:00:57]} {[%emt 00:00:39]} Nf4 {[%clk 00:00:45]} {[%emt 00:00:19]} 39.
c5+ {[%clk 00:00:42]} {[%emt 00:00:45]} Bxc5 {[%clk 00:01:09]} {[%emt
00:00:06]} 40. Nxc5 {[%clk 00:01:06]} {[%emt 00:00:05]} Rxc5 {[%clk 00:01:37]}
{[%emt 00:00:02]} 41. Bd1 {[%clk 00:00:56]} {[%emt 00:00:41]} Rc1 {[%clk
00:00:38]} {[%emt 00:01:29]} 42. Ne3 {[%clk 00:00:50]} {[%emt 00:00:35]} Nd5
{[%clk 00:00:53]} {[%emt 00:00:16]} 0-1

[Event "European Chess Club Cup 2023"]
[Site "Durres, Albania"]
[Date "2023.10.01"]
[Round "1.59"]
[White "Kamsky, Gata"]
[Black "Kessler, Andreas"]
[Result "1-0"]
[TimeControl "90' + 30' & 30\""]
[WhiteElo "2641"]
[BlackElo "2108"]

1. d4 {[%clk 01:30:36]} {[%emt 00:00:04]} Nf6 {[%clk 01:30:45]} {[%emt
00:00:15]} 2. Nf3 {[%clk 01:30:51]} {[%emt 00:00:15]} d5 {[%clk 01:30:17]}
{[%emt 00:00:58]} 3. c4 {[%clk 01:31:12]} {[%emt 00:00:11]} e6 {[%clk
01:27:01]} {[%emt 00:03:46]} 4. g3 {[%clk 01:31:23]} {[%emt 00:00:16]} Bb4+
{[%clk 01:23:02]} {[%emt 00:04:28]} 5. Bd2 {[%clk 01:26:42]} {[%emt 00:05:12]}
Bxd2+ {[%clk 01:16:23]} {[%emt 00:07:10]} 6. Nbxd2 {[%clk 01:26:41]} {[%emt
00:00:30]} Nbd7 {[%clk 01:16:11]} {[%emt 00:00:43]} 7. Bg2 {[%clk 01:27:00]}
{[%emt 00:00:09]} O-O {[%clk 01:15:58]} {[%emt 00:00:44]} 8. O-O {[%clk
01:27:18]} {[%emt 00:00:11]} Re8 {[%clk 01:13:59]} {[%emt 00:02:31]} 9. Re1
{[%clk 01:20:16]} {[%emt 00:07:31]} c6 {[%clk 01:10:25]} {[%emt 00:04:06]} 10.
e4 {[%clk 01:15:01]} {[%emt 00:05:43]} dxe4 {[%clk 01:04:37]} {[%emt 00:06:19]}
11. Nxe4 {[%clk 01:07:54]} {[%emt 00:07:37]} Nxe4 {[%clk 01:03:36]} {[%emt
00:01:32]} 12. Rxe4 {[%clk 01:08:17]} {[%emt 00:00:06]} b6 {[%clk 01:02:42]}
{[%emt 00:01:24]} 13. Qc2 {[%clk 01:05:24]} {[%emt 00:03:21]} Bb7 {[%clk
01:00:43]} {[%emt 00:02:31]} 14. c5 {[%clk 01:05:32]} {[%emt 00:00:21]} h6
{[%clk 00:41:25]} {[%emt 00:19:49]} 15. Rc1 {[%clk 00:54:02]} {[%emt 00:11:57]}
Nf6 {[%clk 00:36:57]} {[%emt 00:05:01]} 16. Ree1 {[%clk 00:54:15]} {[%emt
00:00:16]} Nd5 {[%clk 00:37:03]} {[%emt 00:00:25]} 17. a3 {[%clk 00:54:23]}
{[%emt 00:00:21]} b5 {[%clk 00:37:04]} {[%emt 00:00:30]} 18. Ne5 {[%clk
00:54:01]} {[%emt 00:00:51]} Qc7 {[%clk 00:35:11]} {[%emt 00:02:24]} 19. Rcd1
{[%clk 00:52:33]} {[%emt 00:01:57]} Rad8 {[%clk 00:34:03]} {[%emt 00:01:39]} 20.
h4 {[%clk 00:52:12]} {[%emt 00:00:50]} Bc8 {[%clk 00:31:18]} {[%emt 00:03:16]}
21. Be4 {[%clk 00:46:11]} {[%emt 00:06:31]} Re7 {[%clk 00:25:29]} {[%emt
00:06:19]} 22. Qe2 {[%clk 00:45:15]} {[%emt 00:01:24]} Bd7 {[%clk 00:23:48]}
{[%emt 00:02:13]} 23. Bb1 {[%clk 00:44:12]} {[%emt 00:01:32]} Be8 {[%clk
00:22:33]} {[%emt 00:01:46]} 24. Qd3 {[%clk 00:44:22]} {[%emt 00:00:19]} f5
{[%clk 00:13:25]} {[%emt 00:09:40]} 25. Qd2 {[%clk 00:37:51]} {[%emt 00:06:59]}
Nf6 {[%clk 00:09:07]} {[%emt 00:04:49]} 26. Kg2 {[%clk 00:34:09]} {[%emt
00:04:11]} Bf7 {[%clk 00:07:18]} {[%emt 00:02:20]} 27. Ba2 {[%clk 00:33:38]}
{[%emt 00:01:00]} Nd5 {[%clk 00:05:52]} {[%emt 00:01:57]} 28. f3 {[%clk
00:33:19]} {[%emt 00:00:48]} Rf8 {[%clk 00:03:22]} {[%emt 00:02:59]} 29. Bxd5
{[%clk 00:32:52]} {[%emt 00:00:58]} exd5 {[%clk 00:03:13]} {[%emt 00:00:41]} 30.
Qf4 {[%clk 00:32:59]} {[%emt 00:00:21]} Be8 {[%clk 00:01:52]} {[%emt 00:01:52]}
31. Nd3 {[%clk 00:32:26]} {[%emt 00:01:02]} Qxf4 {[%clk 00:00:49]} {[%emt
00:01:33]} 32. Nxf4 {[%clk 00:32:51]} {[%emt 00:00:05]} Kf7 {[%clk 00:00:41]}
{[%emt 00:00:38]} 33. Rxe7+ {[%clk 00:30:14]} {[%emt 00:03:07]} Kxe7 {[%clk
00:01:07]} {[%emt 00:00:04]} 34. Re1+ {[%clk 00:30:40]} {[%emt 00:00:04]} Kd7
{[%clk 00:01:30]} {[%emt 00:00:07]} 35. Re6 {[%clk 00:31:00]} {[%emt 00:00:10]}
Rf6 {[%clk 00:01:05]} {[%emt 00:00:56]} 36. Rxf6 {[%clk 00:29:57]} {[%emt
00:01:33]} gxf6 {[%clk 00:01:30]} {[%emt 00:00:05]} 37. Kf2 {[%clk 00:29:46]}
{[%emt 00:00:40]} Bf7 {[%clk 00:01:33]} {[%emt 00:00:27]} 38. Ke3 {[%clk
00:30:09]} {[%emt 00:00:07]} h5 {[%clk 00:00:42]} {[%emt 00:01:22]} 39. Kd2
{[%clk 00:21:07]} {[%emt 00:09:32]} a5 {[%clk 00:00:42]} {[%emt 00:00:30]} 40.
Ke3 {[%clk 00:21:00]} {[%emt 00:00:36]} Ke7 {[%clk 00:00:34]} {[%emt 00:00:38]}
41. Nd3 {[%clk 00:21:06]} {[%emt 00:00:23]} Bg6 {[%clk 00:30:29]} {[%emt
00:00:36]} 42. Kf4 {[%clk 00:51:29]} {[%emt 00:00:07]} Ke6 {[%clk 00:25:26]}
{[%emt 00:05:33]} 43. Nc1 {[%clk 00:51:47]} {[%emt 00:00:12]} a4 {[%clk
00:24:05]} {[%emt 00:01:53]} 44. Nd3 {[%clk 00:46:31]} {[%emt 00:05:44]} Kd7
{[%clk 00:11:01]} {[%emt 00:13:35]} 45. Ke3 {[%clk 00:46:29]} {[%emt 00:00:31]}
Bf7 {[%clk 00:11:19]} {[%emt 00:00:13]} 46. Kd2 {[%clk 00:46:04]} {[%emt
00:00:54]} Kc7 {[%clk 00:09:42]} {[%emt 00:02:08]} 47. Nf4 {[%clk 00:45:45]}
{[%emt 00:00:48]} Kb7 {[%clk 00:07:49]} {[%emt 00:02:23]} 48. g4 {[%clk
00:39:50]} {[%emt 00:06:25]} fxg4 {[%clk 00:06:46]} {[%emt 00:01:34]} 49. fxg4
{[%clk 00:40:15]} {[%emt 00:00:05]} hxg4 {[%clk 00:07:08]} {[%emt 00:00:08]} 50.
h5 {[%clk 00:40:42]} {[%emt 00:00:03]} Ka6 {[%clk 00:02:58]} {[%emt 00:04:40]}
51. h6 {[%clk 00:41:00]} {[%emt 00:00:11]} Bg8 {[%clk 00:03:15]} {[%emt
00:00:13]} 52. Nh5 {[%clk 00:41:26]} {[%emt 00:00:05]} g3 {[%clk 00:03:24]}
{[%emt 00:00:21]} 53. Ke3 {[%clk 00:41:47]} {[%emt 00:00:08]} Bh7 {[%clk
00:03:45]} {[%emt 00:00:10]} 54. Nxf6 {[%clk 00:42:13]} {[%emt 00:00:03]} Bg6
{[%clk 00:03:23]} {[%emt 00:00:53]} 55. Kf3 {[%clk 00:41:16]} {[%emt 00:01:27]}
b4 {[%clk 00:03:07]} {[%emt 00:00:46]} 56. Nd7 {[%clk 00:41:40]} {[%emt
00:00:05]} 1-0

[Event "European Chess Club Cup 2023"]
[Site "Durres, Albania"]
[Date "2023.10.01"]
[Round "1.60"]
[White "Jacquot, Adrien"]
[Black "Guliyev, Namig"]
[Result "0-1"]
[TimeControl "90' + 30' & 30\""]
[WhiteElo "1952"]
[BlackElo "2531"]

1. e4 {[%clk 01:30:57]} c5 {[%clk 01:30:42]} {[%emt 01:07:49]} 2. Nf3 {[%clk
01:31:11]} d6 {[%clk 01:31:06]} {[%emt 00:00:23]} 3. d4 {[%clk 01:31:25]} cxd4
{[%clk 01:31:29]} {[%emt 00:00:21]} 4. Nxd4 {[%clk 01:31:50]} Nf6 {[%clk
01:31:54]} {[%emt 00:00:10]} 5. Nc3 {[%clk 01:31:54]} a6 {[%clk 01:32:19]}
{[%emt 00:00:32]} 6. Be2 {[%clk 01:31:31]} e6 {[%clk 01:32:37]} {[%emt
00:01:04]} 7. g4 {[%clk 01:29:21]} h6 {[%clk 01:31:49]} {[%emt 00:03:58]} 8. h4
{[%clk 01:26:09]} b5 {[%clk 01:30:27]} {[%emt 00:05:33]} 9. a3 {[%clk
01:23:20]} Bb7 {[%clk 01:30:15]} {[%emt 00:04:01]} 10. f3 {[%clk 01:20:37]}
Nfd7 {[%clk 01:24:34]} {[%emt 00:09:24]} 11. Be3 {[%clk 01:14:20]} Be7 {[%clk
01:21:00]} {[%emt 00:10:50]} 12. Bf2 {[%clk 01:13:43]} Nb6 {[%clk 01:19:58]}
{[%emt 00:02:40]} 13. Qd2 {[%clk 00:57:42]} N8d7 {[%clk 01:20:18]} {[%emt
00:16:41]} 14. O-O-O {[%clk 00:51:39]} Rc8 {[%clk 01:15:33]} {[%emt 00:11:47]}
15. g5 {[%clk 00:34:07]} hxg5 {[%clk 01:15:15]} {[%emt 00:18:51]} 16. hxg5
{[%clk 00:34:23]} Rxh1 {[%clk 01:15:37]} {[%emt 00:00:21]} 17. Rxh1 {[%clk
00:34:47]} Bxg5 {[%clk 01:15:42]} {[%emt 00:00:31]} 18. f4 {[%clk 00:25:20]}
Bh6 {[%clk 01:14:30]} {[%emt 00:11:40]} 19. Ndxb5 {[%clk 00:03:47]} axb5 {[%clk
01:13:35]} {[%emt 00:23:27]} 20. Nxb5 {[%clk 00:04:16]} Rc6 {[%clk 01:11:54]}
{[%emt 00:02:12]} 21. Nxd6+ {[%clk 00:04:27]} Rxd6 {[%clk 01:12:07]} {[%emt
00:00:37]} 22. Qxd6 {[%clk 00:04:54]} Bxe4 {[%clk 01:12:01]} {[%emt 00:00:38]}
23. Bh4 {[%clk 00:04:18]} f6 {[%clk 01:09:03]} {[%emt 00:04:35]} 24. Re1 {[%clk
00:03:11]} Qe7 {[%clk 01:07:56]} {[%emt 00:03:13]} 25. Bh5+ {[%clk 00:02:11]}
g6 {[%clk 01:08:21]} {[%emt 00:01:35]} 26. Qxe7+ {[%clk 00:01:58]} Kxe7 {[%clk
01:08:43]} {[%emt 00:00:50]} 27. Rxe4 {[%clk 00:02:25]} gxh5 {[%clk 01:09:07]}
{[%emt 00:00:10]} 28. Kd1 {[%clk 00:02:05]} Nd5 {[%clk 01:09:07]} 29. Bg3
{[%clk 00:02:05]} Nc5 {[%clk 01:09:07]} 30. Re2 {[%clk 00:02:05]} Bxf4 {[%clk
01:09:07]} 31. Bf2 {[%clk 00:02:05]} Na4 {[%clk 01:09:07]} 32. Bd4 {[%clk
00:02:05]} e5 {[%clk 01:09:07]} 33. c4 {[%clk 00:02:05]} Kd6 {[%clk 01:09:07]}
34. Bf2 {[%clk 00:02:05]} Ndc3+ {[%clk 01:09:07]} 35. bxc3 {[%clk 00:02:05]}
Nxc3+ {[%clk 01:09:07]} 36. Ke1 {[%clk 00:02:05]} Nxe2 {[%clk 01:09:07]} 37.
Kxe2 {[%clk 00:02:05]} e4 {[%clk 01:09:07]} 38. a4 {[%clk 00:02:05]} Kc6 {[%clk
01:09:07]} 39. Bd4 {[%clk 00:02:05]} Be5 {[%clk 01:09:07]} 40. Bxe5 {[%clk
00:02:05]} fxe5 {[%clk 01:09:07]} 41. Ke3 {[%clk 00:02:05]} h4 {[%clk
01:09:07]} 0-1